[Event "11th KIIT Festival 2018"]
[Site "Bhubaneswar"]
[Date "2018.05.28"]
[Round "5"]
[White "Dixit, Nikhil"]
[Black "Burmakin, Vladimir"]
[Result "1/2-1/2"]
[WhiteElo "2271"]
[BlackElo "2528"]
[Annotator "TA"]
[PlyCount "57"]
[EventDate "2018.??.??"]
[EventType "swiss"]
[EventCountry "IND"]
[SourceTitle "playchess.com"]
[Source "ChessBase"]
[SourceQuality "1"]

{[%evp 19,57,33,39,34,36,29,45,34,92,54,46,14,29,24,29,20,26,20,26,26,20,20,17,20,19,8,9,19,28,27,15,0,42,39,29,25,109,100,97,101]} 1. e4 c6 2. Nc3 d5 3. Nf3 dxe4 4. Nxe4 Nd7 5. d4 Ngf6 6. Ng3 g6 7. Bc4 Bg7 8. O-O O-O 9. Re1 {B17: Caro-Kann: Modern Line (4...Nd7)} (9. h3 Qc7 10. Re1 e6 11. c3 b6 12. Bb3 c5 13. Bg5 Bb7 14. Ne5 Nxe5 15. dxe5 Qc6 16. f3 Nd7 17. Bf4 {0-1 (72) Kosteniuk,A (2557)-Danielian,E (2413) Riadh 2017}) 9... Nb6 10. Bb3 a5 {[#] LiveBook: 3 Games. Hoping for ...a4.} 11. a4 {White is slightly better.} Bg4 12. c3 {[%cal Bc2c3,Bc3c4][%mdl 32]} Nbd5 {[%cal Bb6d5,Bd5b4,Bb4a6,Ba6c5][%mdl 32]} 13. h3 Bc8 (13... Bxf3 $1 $14 14. Qxf3 e6) 14. Ne4 $146 (14. Bg5 {keeps more tension.} Be6 15. Bd2 Bc8 16. Qc1 Be6 17. Bc2) ({Predecessor:} 14. Bg5 h6 {1-0 (30) Grimm,D (2054)-Grull,D (1865) Hungary 2012}) 14... b6 15. Nxf6+ exf6 16. c4 Nb4 17. Bd2 Be6 18. d5 Bd7 19. Bc3 Na6 20. Qd4 Nc5 21. Bc2 Re8 22. Rxe8+ Qxe8 23. Re1 Qf8 24. Qf4 Qb8 25. Qd4 Qd6 26. dxc6 Qxc6 27. Ng5 Re8 (27... Rf8 $11 {keeps the balance.}) 28. Rxe8+ $16 Bxe8 {[#]} 29. Ne4 $1 {Precision: White = 76%, Black = 55%.} 1/2-1/2

[Event "11th KIIT Festival 2018"]
[Site "Bhubaneswar"]
[Date "2018.05.28"]
[Round "5"]
[White "Pratyusha, Bodda"]
[Black "Pruijssers, Roeland"]
[Result "0-1"]
[WhiteElo "2269"]
[BlackElo "2519"]
[Annotator "TA"]
[PlyCount "86"]
[EventDate "2018.??.??"]
[EventType "swiss"]
[EventCountry "IND"]
[SourceTitle "playchess.com"]
[Source "ChessBase"]
[SourceQuality "1"]

{[%evp 14,86,0,-6,0,-2,86,-25,-27,-25,-26,-53,-50,-57,-14,-5,0,-20,-20,-25,63,25,45,45,41,47,62,-20,-29,-58,-51,-164,-177,-117,-117,-117,-117,-117,-117,-117,-117,-116,0,-111,-111,-109,-108,-93,-100,-91,-101,-106,-110,-107,-107,-101,-98,-137,-152,-206,-193,-210,-186,-285,-259,-410,-410,-402,-377,-959,-906,-2302,-2012,-29992,-29993]} 1. d4 Nf6 2. c4 e6 3. Nc3 Bb4 4. Qc2 O-O 5. Nf3 d5 6. cxd5 exd5 7. Bf4 {E32: Nimzo-Indian: Classical (4 Qc2): 4...0-0} c5 (7... Nbd7 8. e3 Re8 9. Bd3 c5 10. a3 Bxc3+ 11. Qxc3 c4 12. Bc2 Ne4 13. Bxe4 dxe4 14. Nd2 b5 {½-½ (63) Nakamura,H (2792)-Aronian,L (2799) Saint Louis 2017}) 8. e3 {LiveBook: 5 Games} c4 $146 ({Predecessor:} 8... Nc6 9. dxc5 Bxc5 10. Rd1 Qa5 11. Be2 Nb4 12. Qa4 Qb6 13. O-O Be6 14. a3 Nc6 15. b4 Be7 16. Qc2 Rac8 17. Qb2 a6 {½-½ (98) Kozak,A (2365)-Nguyen,T (2430) Budapest 2016}) 9. Be2 {The position is equal.} Ne4 {[#]} (9... Nc6 $11 {keeps the balance.}) 10. O-O (10. Bxc4 $1 $16 {[%mdl 512] aiming for Bd3.} g5 (10... dxc4 11. Qxe4) 11. Bxb8 Rxb8 12. O-O Bxc3 13. bxc3) 10... Bf5 $11 11. Nxe4 Bxe4 12. Qc1 Nc6 13. Nd2 Bxd2 (13... Bf5 {is more complex.} 14. h3 b5 15. Nb3 Qb6 16. a3 Be7) 14. Qxd2 b5 15. Rfc1 Re8 16. b3 a5 ({Black should play} 16... h6 $11) 17. f3 Bg6 18. a4 Nb4 $1 19. Rc3 ({Don't play} 19. bxc4 bxc4 20. e4 dxe4 $15) 19... cxb3 20. Bxb5 ({White should try} 20. Rxb3 $14 bxa4 21. Rc3 (21. Rxa4 Qb6 $14)) 20... Bc2 {...b2 is the strong threat.} 21. Bc7 Qe7 $1 {White must now prevent ...Rec8.} 22. Re1 (22. Bxe8 $15 Qxe8 23. Re1) 22... Rec8 $36 {[%mdl 2048] White is under strong pressure.} 23. Bb6 b2 {And now ...Rxc3 would win.} 24. Rxc8+ Rxc8 25. Bxa5 Na2 26. Ba6 Rc6 27. Bb5 Rc8 28. Ba6 $1 {[%cal Ra6c8]} Qe6 29. Bxc8 Qxc8 30. Bb4 Qc4 31. Ba3 b1=Q 32. Rxb1 Bxb1 33. Qb2 {Intending Qb8+ and mate.} Bf5 34. Qb8+ Qc8 35. Qd6 Nc3 36. Qb4 (36. a5 $17) 36... h6 37. a5 Bd3 38. Kf2 (38. Kh1 {is a better defense.}) 38... Nd1+ 39. Ke1 (39. Kg1 {only move.}) 39... Nxe3 40. Kd2 Nc2 41. Qc5 $2 (41. Qc3 Qxc3+ 42. Kxc3 Nxa3 43. Kxd3) 41... Qa6 42. Bb2 Bf5 {( -> ...Qd3+)} 43. Qc3 Qf1 {Precision: White = 33%, Black = 60%.} 0-1

[Event "11th KIIT Festival 2018"]
[Site "Bhubaneswar"]
[Date "2018.05.28"]
[Round "5"]
[White "Raahul V S"]
[Black "Neverov, Valeriy"]
[Result "1/2-1/2"]
[WhiteElo "2231"]
[BlackElo "2496"]
[Annotator "TA"]
[PlyCount "96"]
[EventDate "2018.??.??"]
[EventType "swiss"]
[EventCountry "IND"]
[SourceTitle "playchess.com"]
[Source "ChessBase"]
[SourceQuality "1"]

{[%evp 18,96,68,96,76,75,70,64,64,70,78,93,112,81,95,98,125,84,143,144,148,111,115,75,170,174,352,366,366,160,423,283,345,212,196,193,193,193,219,154,186,186,284,282,369,365,351,336,336,300,188,165,393,378,29949,5189,29974,29970,29966,29966,29936,12459,4702,4622,616,304,311,0,0,0,0,0,0,0,0,0,0,0,0,0,0]} 1. c4 f5 2. Nc3 Nf6 3. g3 e5 4. Bg2 Nc6 5. e3 Bb4 6. Nge2 O-O 7. O-O d6 {A25: English Opening vs King's Indian with ...Nc6 but without early d3} (7... Bxc3 8. Nxc3 d6 9. d4 e4 10. f3 exf3 11. Qxf3 Bd7 12. b3 Rb8 13. Bb2 Qe8 14. Rae1 Qg6 15. Qd1 Ne7 16. e4 fxe4 17. Nxe4 Nxe4 18. Rxe4 Rxf1+ 19. Qxf1 {½-½ (67) Granda Zuniga,J (2663)-Caruana,F (2801) Tromsoe 2014}) 8. Nd5 Nxd5 9. cxd5 Ne7 10. d4 {LiveBook: 3 Games} Ba5 {[#]} 11. b4 $1 {[%cal Rb4a5][%mdl 512]} Bb6 (11... Bxb4 12. Qb3) 12. dxe5 dxe5 13. Qb3 $146 ({Predecessor:} 13. a4 a6 {1-0 (22) Markowski,T (2547)-Brustkern,J (2207) Dresden 2006}) 13... Kh8 14. a4 {And now a5 would win.} a6 15. Bb2 Ng6 16. a5 Ba7 17. Qc3 {Nf4! is the strong threat.} Re8 (17... Rf7 $142) 18. Nf4 $36 {[%mdl 2048] Keeping Black busy.} Re7 19. Nxg6+ hxg6 20. Rac1 Rb8 (20... e4 $16) 21. b5 $18 b6 $2 (21... axb5 22. Ba3 Rf7) 22. Ba3 Rf7 23. axb6 ({Don't take} 23. Qxe5 bxa5 24. d6 cxd6 $18) (23. d6 $18 {is more deadly.} cxd6 24. Rfd1 bxa5 25. Qxe5 $1 {[%mdl 512]} (25. Bxd6 Rd7 $11)) 23... Rxb6 $2 (23... Bxb6 $16 {was called for.} 24. Qxe5 axb5) 24. Bc5 e4 25. Bxb6 Bxb6 26. bxa6 Bxa6 27. Rfd1 Rd7 28. Qe5 Rd6 29. Bf1 Bxf1 (29... Bb7 {was necessary.} 30. Bc4 c6) 30. Kxf1 c6 31. Kg2 Kh7 32. h4 {[%cal Bh2h4,Bh4h5][%mdl 32]} cxd5 33. h5 Qd7 34. Rh1 {Black must now prevent h6!} g5 $2 {[#]} (34... Qe6 35. Qf4 Bd8) 35. Rc8 $1 {[%mdl 512]} f4 $2 {[#]} (35... Qe6 $18 36. Qxe6 Rxe6) (35... Qxc8 36. Qxd6) 36. h6 $1 f3+ 37. Kg1 Rxh6 {[#]} 38. Rh8+ $3 {[%mdl 512]} Kg6 (38... Kxh8 39. Rxh6+) 39. R1xh6+ ({Not} 39. R8xh6+ gxh6 40. Qh8 Qg7 $18) 39... gxh6 {[%mdl 4096] Endgame KQR-KQB} 40. Rg8+ Kh5 41. Qf6 (41. Kh2 $142 {White wants to mate with Qf6.} Bxe3 42. fxe3) 41... Bxe3 {[#]} 42. fxe3 $2 (42. Qg6+ $1 $18 Kg4 43. Qxh6 (43. fxe3 $2 Kxg3 44. Qf6 Qg4 $17) 43... Bxf2+ 44. Kh1) 42... Qc7 $11 {The position is equal.} 43. Qg6+ Kg4 44. Qe6+ Kxg3 {[%cal Rc7c1]} 45. Rc8 Qa7 46. Qd6+ Kg4 47. Qe6+ Kg3 48. Qd6+ Kg4 {Precision: White = 76%, Black = 40%.} 1/2-1/2

[Event "11th KIIT Festival 2018"]
[Site "Bhubaneswar"]
[Date "2018.05.28"]
[Round "6"]
[White "Kravtsiv, Martyn"]
[Black "Das, Sayantan"]
[Result "1-0"]
[WhiteElo "2655"]
[BlackElo "2437"]
[Annotator "TA"]
[PlyCount "93"]
[EventDate "2018.??.??"]
[EventType "swiss"]
[EventCountry "IND"]
[SourceTitle "playchess.com"]
[Source "ChessBase"]
[SourceQuality "1"]

{[%evp 25,93,70,82,42,104,93,78,87,108,101,103,103,103,103,127,101,94,94,100,102,135,141,158,153,152,146,168,158,192,204,262,159,161,158,210,163,156,158,147,150,314,306,368,378,487,487,487,487,479,479,479,399,482,469,457,358,358,348,399,358,440,319,670,667,665,655,662,649,610,536]} 1. d4 d5 2. Bf4 Nf6 3. Nf3 c5 4. e3 Nc6 5. Nbd2 e6 6. c3 Bd6 7. Bg3 O-O 8. Bd3 b6 9. e4 {D02: 1 d4 d5 2 Nf3 sidelines, including 2...Nf6 3 g3 and 2...Nf6 3 Bf4} dxe4 (9... Be7 10. e5 Nh5 11. Nf1 cxd4 12. Nxd4 Nxd4 13. cxd4 g6 14. Ne3 f5 15. exf6 Bxf6 16. Be2 Nxg3 17. hxg3 {½-½ (37) Nakamura,H (2787)-Svidler,P (2760) Moscow 2018}) 10. Nxe4 Be7 11. Nxf6+ Bxf6 12. dxc5 bxc5 13. Qc2 h6 {LiveBook: 3 Games} 14. h4 $146 ({Predecessor:} 14. O-O Qb6 15. Nd2 Ba6 16. Nc4 Qb7 {1-0 (90) Balint,V (2255)-Farago,I (2389) Budapest 2017}) 14... Qe7 (14... Qa5 $14) 15. O-O-O Rd8 16. Bh7+ Kh8 17. Rxd8+ Nxd8 18. Be4 Bb7 19. Rd1 Rc8 20. Qa4 Bxe4 21. Qxe4 Nc6 22. Bd6 $36 {[%mdl 2048] Black is under strong pressure.} Qe8 23. Bxc5 Na5 24. Qb4 Nc6 25. Qa4 e5 26. Qe4 Na5 27. Rd5 ({Don't play} 27. Bxa7 $6 Nc4) 27... Qb5 28. Bb4 (28. Bxa7 Qf1+ 29. Kc2 Nc4 $16) 28... Qf1+ 29. Rd1 Qb5 (29... Qa6 $16 {was worth a try.} 30. Kb1 (30. Nxe5 Bxe5 31. Qxe5 Nc6 $16) 30... Nc6) 30. Bxa5 Qxa5 31. a3 Qb5 32. g3 Rc4 $2 {[#]} (32... Rb8 $16 {was called for.} 33. Qb4 Qe8) 33. Qd5 $18 Qb3 34. Nxe5 Rxc3+ 35. bxc3 Qxc3+ 36. Kb1 Bxe5 {[%csl Ge5][%cal Rc3b2][%mdl 4096] [#] Endgame KQR-KQB} 37. Qd8+ Kh7 {[%csl Ge5][%cal Rc3b2]} 38. Qd3+ Qxd3+ 39. Rxd3 {KR-KB} Kg6 40. Kc2 Bc7 41. Rd5 Bb6 42. f3 {[%cal Bf2f3,Bf3g4][%mdl 32]} h5 43. Kd3 f6 $2 (43... f5 44. Ke2 Kf6) 44. Ke2 {White is clearly winning.} Bc7 45. g4 hxg4 46. fxg4 Bb6 47. a4 {Precision: White = 82%, Black = 35%.} 1-0

[Event "11th KIIT Festival 2018"]
[Site "Bhubaneswar"]
[Date "2018.05.28"]
[Round "6"]
[White "Amonatov, Farrukh"]
[Black "Karthik Venkataraman"]
[Result "1/2-1/2"]
[WhiteElo "2608"]
[BlackElo "2457"]
[Annotator "TA"]
[PlyCount "61"]
[EventDate "2018.??.??"]
[EventType "swiss"]
[EventCountry "IND"]
[SourceTitle "playchess.com"]
[Source "ChessBase"]
[SourceQuality "1"]

{[%evp 9,61,0,17,-16,48,46,47,47,45,35,52,49,70,50,50,52,67,69,83,88,89,0,48,44,27,23,83,-60,-56,-63,34,10,15,18,13,18,16,6,18,16,17,17,17,18,33,33,41,40,47,0,54,16,33,40]} 1. e4 c5 2. Nc3 d6 3. d4 cxd4 4. Qxd4 a6 (4... Nc6 5. Qd2 Nf6 6. b3 e6 7. Bb2 a6 8. O-O-O b5 9. f3 h5 10. Nh3 Be7 11. Ng5 {1-0 (31) Carlsen,M (2843)-Wojtaszek,R (2744) Shamkir 2018}) 5. b3 $146 ({Vorgänger:} 5. Be3 Nf6 6. f3 e5 7. Qb6 Qxb6 8. Bxb6 Be6 9. O-O-O Be7 10. Nge2 O-O 11. g4 {½-½ (51) Van den Doel,E (2575)-L'Ami,E (2606) Amsterdam 2016}) 5... Nc6 6. Qd2 {B23: Sizilianisch (Geschlossenes System)} g6 ({Besser ist} 6... e6 $11) 7. Bb2 $14 Bg7 8. O-O-O Nf6 9. f3 O-O 10. g4 b5 11. Nge2 Bb7 12. h4 {[%cal Bh2h4,Bh4h5][%mdl 32]} Rc8 13. h5 Ne5 14. Bg2 $1 b4 15. Na4 (15. Nd5 $1 $16) 15... Qc7 16. hxg6 hxg6 17. Nd4 d5 {[%cal Rd5e4] [#]} 18. g5 (18. f4 $1 $16 {[%cal Rf4e5]} Nexg4 19. e5) 18... Nh5 $15 {Droht ...dxe4 und aus.} 19. exd5 Nf4 (19... Bxd5 $15 20. Kb1 Rfd8) 20. Kb1 ({Vergiftet wäre} 20. Qxf4 $2 {[#]} Nd3+ $1 {[%mdl 512]} 21. Rxd3 Qxf4+ 22. Kb1 Qxg5 $19) 20... Nxd5 ({Natürlich nicht} 20... Nxg2 21. Qxg2 Rfd8 22. Qh2 $16) 21. f4 $1 {[%cal Rf4e5]} Nc3+ 22. Nxc3 bxc3 23. Bxc3 Bxg2 24. Qxg2 Qxc3 25. fxe5 {Schwarz muss nun Dh2 beachten.} Rfd8 $1 {[%cal Rd8d4]} ({Nur nicht} 25... Bxe5 $2 26. Rd3 $18) 26. Nf3 Rxd1+ 27. Rxd1 Bxe5 28. Nxe5 Qxe5 29. Qh3 Qc7 (29... Qf5 $11 30. Qg2 e6) 30. Rd2 {Th2 ist eine echte Drohung.} (30. c4 $5 {[%cal Rd1h1]} Qc5 31. Kc2 $14) 30... e6 31. Qe3 {Precision: Weiß = 70%, Schwarz = 50%.} 1/2-1/2

[Event "11th KIIT Festival 2018"]
[Site "Bhubaneswar"]
[Date "2018.05.28"]
[Round "6"]
[White "Sandipan, Chanda"]
[Black "Koustav Chatterjee"]
[Result "1-0"]
[WhiteElo "2573"]
[BlackElo "2364"]
[Annotator "TA"]
[PlyCount "81"]
[EventDate "2018.??.??"]
[EventType "swiss"]
[EventCountry "IND"]
[SourceTitle "playchess.com"]
[Source "ChessBase"]
[SourceQuality "1"]

{[%evp 20,81,4,0,12,0,14,12,12,14,16,27,8,6,65,33,97,14,75,66,97,54,66,65,84,0,22,22,12,0,0,0,0,0,0,0,26,22,196,187,207,182,182,152,243,189,286,306,304,284,334,288,377,377,377,377,471,504,719,576,719,709,639,612]} 1. d4 Nf6 2. c4 e6 3. Nc3 Bb4 4. e3 O-O 5. Bd2 d5 6. Nf3 b6 7. cxd5 exd5 8. Rc1 {E51: Nimzo-Indian: Rubinstein: 4...0-0 5 Nf3 d5} Be7 9. Ne5 Bb7 10. Bd3 c5 11. O-O {LiveBook: 4 Games} Nbd7 $146 ({Predecessor:} 11... Nc6 12. f4 cxd4 13. Nxc6 Bxc6 14. exd4 b5 15. f5 Qb6 {0-1 (29) Krasenkow,M (2628)-Wojtaszek,R (2750) Warsaw 2018}) 12. f4 Ne4 13. Nxe4 dxe4 14. Bb5 Nxe5 15. dxe5 a6 16. Be2 f5 (16... Bc6 $11) 17. Qb3+ Kh8 (17... Bd5 $14 18. Bc4 Bxc4 19. Qxc4+ Kh8) 18. Rfd1 (18. Ba5 $1 $16) 18... Qc7 (18... Bd5 $11 {remains equal.} 19. Bc4 Bxc4 20. Qxc4 Qc8) 19. Bc3 $16 Rad8 20. e6 Bc8 21. Be5 Qc6 {[#]} 22. Qc3 ({White should try} 22. Bc4 $1 $16) 22... Rg8 23. Rxd8 Bxd8 24. Rd1 $36 {[%mdl 2048] White has good play.} Be7 25. g4 Bxe6 26. g5 $1 b5 ({Much weaker is} 26... Bxa2 $6 27. b3 $16) 27. b3 {[%cal Bb2b3,Bb3c4][%mdl 32]} Qb6 28. Kf2 a5 $2 (28... Bc8 $11) 29. h4 $18 {[%cal Bh2h4,Bh4h5][%mdl 32]} b4 30. Qb2 {h5 is the strong threat.} c4 31. Bxc4 Bxc4 (31... h6 $16) 32. bxc4 Qc6 (32... Qe6 {might work better.} 33. Rd5 a4) 33. h5 h6 {[#]} 34. g6 $1 a4 35. Qd4 b3 36. axb3 axb3 37. Qd5 Qb6 38. Qb5 {White is clearly winning.} Qe6 39. Qxb3 Bf6 40. Bxf6 Qxf6 41. Kg3 {Precision: White = 56%, Black = 28%.} 1-0

[Event "11th KIIT Festival 2018"]
[Site "Bhubaneswar"]
[Date "2018.05.28"]
[Round "6"]
[White "Tukhaev, Adam"]
[Black "Sangma, Rahul"]
[Result "1-0"]
[WhiteElo "2551"]
[BlackElo "2295"]
[Annotator "TA"]
[PlyCount "149"]
[EventDate "2018.??.??"]
[EventType "swiss"]
[EventCountry "IND"]
[SourceTitle "playchess.com"]
[Source "ChessBase"]
[SourceQuality "1"]

{[%evp 18,149,0,1,4,5,32,27,25,21,16,10,47,45,45,46,52,45,45,45,64,51,55,52,55,45,45,45,50,49,44,47,48,37,74,45,51,30,37,36,46,35,45,42,44,35,49,34,40,40,40,40,40,40,40,40,38,35,36,11,14,14,14,14,14,13,14,15,15,16,52,39,63,63,187,200,348,334,556,464,513,478,577,517,12837,5514,12838,12843,12839,12839,12844,12847,12843,12849,12843,12849,12850,29939,29939,29942,29944,12851,29943,29941,29943,29942,29946,29945,29944,12843,12844,29943,29936,29938,29942,29944,29946,29941,29941,12851,29953,29950,29955,12848,12797,11021,10521,7559,29975,29976,29985,29985,29985,29985]} 1. e4 e5 2. Nf3 Nc6 3. Bb5 Nf6 4. d3 Bc5 5. c3 d6 6. Nbd2 O-O 7. O-O Bb6 8. Nc4 {C65: Ruy Lopez: Berlin Defence (3...Nf6), unusual lines and 4 0-0 Bc5} Ne7 9. Ba4 Ng6 10. Bc2 {LiveBook: 10 Games. The position is equal.} Re8 11. Re1 Bg4 $146 ({Predecessor:} 11... c6 12. Nxb6 axb6 13. d4 b5 14. h3 h6 15. a3 Qc7 {½-½ (78) Dominguez Perez,L (2713)-Bruzon Batista,L (2668) Havana 2010}) 12. h3 Bh5 13. Nxb6 ({Don't play} 13. g4 Nxg4 $1 {[%mdl 512]} 14. hxg4 Bxg4 $17) 13... axb6 14. Bg5 {Black must now prevent g4.} h6 (14... Nf4 {is interesting.} 15. Bxf4 exf4 16. d4 b5 17. e5 dxe5 18. dxe5 Nd7) 15. Bxf6 $1 Bxf3 $1 16. Qxf3 Qxf6 17. Qxf6 gxf6 18. g3 Kf8 19. Kg2 Ke7 20. a4 Rg8 21. Kf3 Nf8 22. h4 Ne6 23. Ra3 Ra7 24. Rea1 Rga8 25. Ke3 Ra5 26. Bd1 c6 27. Kf3 R5a7 28. Bb3 Nc5 29. Bc2 $1 Ne6 30. Ke3 Ra5 31. Bd1 R5a7 32. Rb3 b5 33. Rba3 bxa4 34. Rxa4 Rxa4 35. Rxa4 Rxa4 36. Bxa4 $14 {[%mdl 4096] Endgame KB-KN} Ng7 37. d4 f5 38. d5 cxd5 39. exd5 Nh5 40. Bc2 f4+ 41. Kf3 fxg3 42. fxg3 Nf6 43. c4 {[%cal Bc3c4,Bc4c5][%mdl 32]} Nd7 44. g4 Kf6 45. b4 Nb8 ({Better is} 45... Ke7 $14) 46. c5 $18 Ke7 (46... dxc5 {might work better.} 47. bxc5 Na6) 47. g5 hxg5 $2 {[#]} (47... h5 {was necessary.} 48. cxd6+ Kxd6) 48. h5 $1 {[%cal Bh4h5,Bh5h6][%mdl 32]} dxc5 49. h6 Kf6 50. bxc5 Na6 (50... e4+ $142 51. Kxe4 (51. Bxe4 Nd7 $18) 51... Kg6) 51. c6 bxc6 52. dxc6 Nc7 53. Kg4 Ne6 54. Be4 Nc7 55. h7 Kg7 56. Kxg5 Ne6+ 57. Kg4 (57. Kh5 $18 Nc7 58. Kg4) 57... Nc7 58. Kh3 Kh8 59. Kh2 (59. Kg2 $142 Kg7 60. Bc2 Nb5 61. Bd3 Nc7 62. Kf3 Ne8 63. Bf5 f6 64. Bd3) 59... Kg7 60. Kg1 Kh8 61. Kf1 Kg7 62. Ke1 Nb5 63. Bf5 (63. Bd3 $142 Nc7 64. Kd2 Nd5 65. Ke2 Nc7 66. Kf3 Ne8 67. Be4 Nd6 68. c7) 63... Kh8 64. Bd3 Nc7 65. Kd1 Ne6 66. Bf5 Nc7 67. Kc1 Nb5 68. Bd3 (68. Kb2 $142 Nc7 69. Kb3 Nd5 70. Bd3 Nc7 71. Kc4 Na6 72. Kb5 Nc7+ 73. Kb6) 68... Nc7 69. Kb2 Kg7 70. Ka3 (70. Kc3 $142 Na8 71. Kc4 Nc7 72. Kc5 Ne8 73. Kd5 Kh8 74. Kxe5 Kg7 75. Bc4) 70... Ne6 71. Kb4 Nc7 72. Kc5 Ne6+ 73. Kb6 {White mates.} f6 74. Bc4 Nf8 75. c7 {Precision: White = 77%, Black = 48%.} 1-0

[Event "11th KIIT Festival 2018"]
[Site "Bhubaneswar"]
[Date "2018.05.28"]
[Round "6"]
[White "Burmakin, Vladimir"]
[Black "Raahul V S"]
[Result "0-1"]
[WhiteElo "2528"]
[BlackElo "2231"]
[Annotator "TA"]
[PlyCount "92"]
[EventDate "2018.??.??"]
[EventType "swiss"]
[EventCountry "IND"]
[SourceTitle "playchess.com"]
[Source "ChessBase"]
[SourceQuality "1"]

{[%evp 9,92,18,58,43,48,45,59,56,96,8,27,0,0,0,0,0,0,-8,-8,-9,0,-25,-25,-25,-8,-15,36,0,0,-37,-40,-40,-40,-40,-40,-38,-37,-36,-34,-48,-40,-40,-33,-33,-33,-36,-34,-34,-7,-7,0,0,0,0,0,0,0,0,0,4,6,0,2,0,0,-32,-28,-443,-463,-465,-465,-464,-450,-454,-440,-447,-420,-686,-659,-583,-644,-571,-543,-428,-422]} 1. Nf3 Nf6 2. g3 b5 3. Bg2 Bb7 4. d3 e6 5. e4 {[%cal Be2e4,Be4e5][%mdl 32]} (5. O-O Be7 6. Nbd2 O-O 7. e4 d6 8. Re1 c5 9. Nf1 Nc6 10. h3 a5 11. a4 b4 12. g4 Rc8 13. Ng3 Nd7 {0-1 (52) Aravindh,C (2573)-Vallejo Pons,F (2716) Douglas 2017}) 5... c5 {LiveBook: 11 Partien} 6. e5 {A05: Übergänge in verschiedene Eröffnungen} Nd5 7. O-O Nc6 8. Re1 $146 {Weiß steht etwas besser.} ({Vorgänger:} 8. c4 bxc4 9. dxc4 Nb6 10. b3 Be7 {1-0 (70) Frank,P (2191)-Hellmayr,A (2253) Austria 2018}) 8... d6 9. a4 (9. Bg5 $16 Qd7 10. c4) 9... b4 $11 10. Nbd2 dxe5 11. Nxe5 Nxe5 12. Rxe5 Be7 {[%cal Bf8e7,Be7f6,Bf6d4][%mdl 32]} 13. Nc4 Bf6 14. Re1 O-O 15. Bf4 Nxf4 16. Bxb7 Rb8 $1 17. Be4 Nh3+ (17... Nd5 $11) 18. Kf1 Bd4 19. Bxh7+ Kxh7 20. Qh5+ Kg8 21. Qxh3 Qf6 {[%csl Gd4][%cal Rf6f2] [#]} 22. Re2 Bxb2 23. Rb1 Bd4 24. Qg4 Rfd8 {[%cal Bf8d8,Bd8d5,Bd5f5,Bf5f6][%mdl 32]} 25. Kg2 Rd5 26. h4 Rf5 {[%cal Rf5f2]} 27. f4 Qd8 28. Qf3 Qd5 (28... g6 {is interesting.} 29. g4 Rd5 30. Kh3 Kg7 31. a5 Bc3) 29. Qxd5 exd5 30. Na5 {[#] zielt auf Sc6 ab.} Rf6 31. Nb3 Ra6 32. Nxd4 cxd4 {[%mdl 4096] Endspiel KTT-KTT} 33. Ra1 Rc8 34. a5 Re6 35. Rf2 Rec6 36. Ra4 Rb8 37. Re2 Rc3 {...Ta3 ist eine echte Drohung.} 38. Kf2 $2 {[%mdl 8192]} (38. Ra1 $11 {und Weiss ist OK.}) 38... Ra3 $19 39. Rxa3 bxa3 {KT-KT} 40. Re1 {beabsichtigt Ta1.} Rb2 41. Ra1 Rxc2+ 42. Kf3 Rc3 ({Nicht} 42... a2 43. Kg4 $19) 43. Ke2 (43. g4 $142 Rxd3+ 44. Ke2) 43... f5 {Schwarz steht klar auf Gewinn.} 44. Kd2 Kh7 45. Rb1 a2 46. Ra1 Ra3 {Precision: Weiß = 60%, Schwarz = 80%.} 0-1

[Event "11th KIIT Festival 2018"]
[Site "Bhubaneswar"]
[Date "2018.05.28"]
[Round "6"]
[White "Pruijssers, Roeland"]
[Black "Aronyak Ghosh"]
[Result "1/2-1/2"]
[WhiteElo "2519"]
[BlackElo "2294"]
[Annotator "TA"]
[PlyCount "60"]
[EventDate "2018.??.??"]
[EventType "swiss"]
[EventCountry "IND"]
[SourceTitle "playchess.com"]
[Source "ChessBase"]
[SourceQuality "1"]

{[%evp 13,60,39,31,0,32,14,49,0,2,-53,0,0,0,0,0,0,0,-8,35,33,47,35,30,35,28,28,33,14,35,39,88,0,0,0,0,0,0,-5,-12,-9,-15,-4,-9,-33,-25,-35,-17,-44,-27]} 1. e4 c6 2. d4 d5 3. e5 Bf5 4. Nf3 e6 5. Be2 c5 6. Be3 cxd4 7. Nxd4 Ne7 8. Bb5+ {B12: Caro-Kann: Advance Variation} Nbc6 9. O-O Rc8 10. c4 $146 {White is slightly better.} ({Predecessor:} 10. Nd2 a6 11. Bxc6+ bxc6 12. Qe2 c5 13. Nxf5 Nxf5 14. Qxa6 Be7 15. Qb5+ Kf8 16. Nb3 Qc7 {½-½ (50) Volokitin,A (2682)-Vachier Lagrave,M (2742) Warsaw 2013}) 10... dxc4 $1 11. Qa4 (11. Nxc6 $11 Nxc6 12. Qxd8+ Rxd8 13. Bxa7) 11... a6 (11... Bd3 $15 12. Nxc6 Nxc6 13. Qxa7 Qd7 14. Bxc6 Rxc6) 12. Bxc6+ $11 Nxc6 13. Nxf5 exf5 14. Rd1 Qa5 15. Qxc4 Qb4 16. Qc2 Qe4 17. Qxe4 fxe4 18. Nc3 Nxe5 19. Nxe4 f6 20. Bf4 Nc6 21. Bd6 Be7 22. Bxe7 (22. Nc5 $16) 22... Kxe7 23. Re1 Rhd8 24. Nc5+ Ne5 $1 25. Rac1 {Threatens to win with f4.} b6 26. Nxa6 {[#] And now Rxc8 would win.} Rxc1 27. Rxc1 Rd2 28. Rb1 Nd3 29. Nc7 Nxb2 (29... Kd7 $5 {[%cal Rd7c7]} 30. Nd5 Nxb2 $15) 30. Nb5 Kd7 {Precision: White = 55%, Black = 45%.} 1/2-1/2